00000000nam##2200000za#4500
0019.524149
003CaOODSP
00520200325172242
007ta
008150406|1994||||xxc|||||     f|0| 0 fre|d
040 |aCaOODSP|bfre
041 |aeng
041 |afre
043 |an-cn---
0861 |aYX4-1994/16
1101 |aCanada.|bStatuts.
24510|aLoi sur les sports nationaux du Canada : |b(Loi reconnaissant le hockey et la crosse comme les sports nationaux du Canada.)
260 |bStatuts |cProjet de loi C-212 sanctionné le 12 mai 1994.
300 |a1p. ; |c27 cm.
4901 |aLois du Canada (1994)|vChapitre 16
546 |aBilingue
563 |aCouverture souple
590 |a94-22|b1994-06-03
791 |tNational Sports of Canada Act : |eeng|w(CaOODSP)9.524148
830#0|aLois du Canada (1994)|vChapitre 16|w(CaOODSP)9.509753